MyGZULibrary

Q methodology / (Record no. 1441)

MARC details
000 -LEADER
fixed length control field 01178cam a2200325 i 4500
001 - CONTROL NUMBER
control field 17731316
003 - CONTROL NUMBER IDENTIFIER
control field GZU
005 - DATE AND TIME OF LATEST TRANSACTION
control field 20201015101111.0
008 - FIXED-LENGTH DATA ELEMENTS--GENERAL INFORMATION
fixed length control field 130509s2013 caua 000 0 eng
010 ## - LIBRARY OF CONGRESS CONTROL NUMBER
LC control number 2013013557
020 ## - INTERNATIONAL STANDARD BOOK NUMBER
International Standard Book Number 9781452242194 (pbk.)
040 ## - CATALOGING SOURCE
Original cataloging agency DLC
Language of cataloging eng
Transcribing agency DLC
Modifying agency DLC
Description conventions rda
042 ## - AUTHENTICATION CODE
Authentication code pcc
050 00 - LIBRARY OF CONGRESS CALL NUMBER
Classification number HA29
Item number .M4386 2013
082 00 - DEWEY DECIMAL CLASSIFICATION NUMBER
Classification number 001.4/22
Edition number 23
100 1# - MAIN ENTRY--PERSONAL NAME
Personal name McKeown, Bruce.
245 10 - TITLE STATEMENT
Title Q methodology /
Statement of responsibility, etc. Bruce McKeown ; Dan B. Thomas, Wartburg College.
250 ## - EDITION STATEMENT
Edition statement Second edition.
264 #1 - PRODUCTION, PUBLICATION, DISTRIBUTION, MANUFACTURE, AND COPYRIGHT NOTICE
Place of production, publication, distribution, manufacture Los Angeles :
Name of producer, publisher, distributor, manufacturer SAGE,
Date of production, publication, distribution, manufacture, or copyright notice [2013]
300 ## - PHYSICAL DESCRIPTION
Extent xviii, 96 pages :
Other physical details illustrations ;
Dimensions 22 cm.
336 ## - CONTENT TYPE
Content type term text
Source rdacontent
337 ## - MEDIA TYPE
Media type term unmediated
Source rdamedia
338 ## - CARRIER TYPE
Carrier type term volume
Source rdacarrier
490 0# - SERIES STATEMENT
Series statement Quantitative applications in the social sciences ;
Volume/sequential designation 66
650 #0 - SUBJECT ADDED ENTRY--TOPICAL TERM
Topical term or geographic name entry element Social sciences
General subdivision Statistical methods.
700 1# - ADDED ENTRY--PERSONAL NAME
Personal name Thomas, Dan B.
906 ## - LOCAL DATA ELEMENT F, LDF (RLIN)
a 7
b cbc
c orignew
d 1
e ecip
f 20
g y-gencatlg
942 ## - ADDED ENTRY ELEMENTS (KOHA)
Source of classification or shelving scheme Library of Congress Classification
Koha item type Books
Edition 2nd ed.
Classification part 29
Item part MCK
Call number prefix HA
Call number suffix 2013
Holdings
Withdrawn status Lost status Damaged status Not for loan Collection code Home library Current library Shelving location Date acquired Total Checkouts Full call number Barcode Date last seen Copy number Price effective from Koha item type
        Non-fiction City Campus Library City Campus Library General Stacks 10/15/2020   HA29 MCK 2013 001674 10/15/2020 c.1 10/15/2020 Books